Las prácticas descentradas afrocaribeñas de elaboración estética y su celebración y fomento de la heterogeneidad /
Guardado en:
| Autor principal: | |
|---|---|
| Formato: | Texto |
| Etiquetas: |
Agregar Etiqueta
Sin Etiquetas, Sea el primero en etiquetar este registro!
|
MARC
| LEADER | 00000 a a2200000 04500 | ||
|---|---|---|---|
| 001 | 48643 | ||
| 003 | |||
| 040 | |||
| 100 | |a Quintero Rivera, Angel G. | ||
| 245 | |a Las prácticas descentradas afrocaribeñas de elaboración estética y su celebración y fomento de la heterogeneidad / |c Angel G. Quintero Rivera | ||
| 773 | |g páginas 223-243 | ||
| 999 | |c 20305 |d 20305 | ||
